书目信息 |
| 题名: |
秀甲东南 生态武夷
|
|
| 作者: | 祁新华 , 王袁生 主编 | |
| 分册: | ||
| 出版信息: | 福州 福建人民出版社 2019.11 |
|
| 页数: | 179页 | |
| 开本: | 24cm | |
| 丛书名: | 武夷历史文化研究丛书 | |
| 单 册: | ||
| 中图分类: | X321.257.4 | |
| 科图分类: | ||
| 主题词: | 生态环境建设--sheng tai huan jing jian she--研究--武夷山市 | |
| 电子资源: | ||
| ISBN: | 978-7-211-08202-5 | |
| 000 | 01185nam 2200277 450 | |
| 001 | 0100016366 | |
| 005 | 20200929160439.0 | |
| 010 | @a978-7-211-08202-5@dCNY58.00 | |
| 100 | @a20200516d2019 em y0chiy50 ea | |
| 101 | 0 | @achi |
| 102 | @aCN@b350000 | |
| 105 | @aa z 000yy | |
| 106 | @ar | |
| 200 | 1 | @a秀甲东南 生态武夷@Axiu jia dong nan sheng tai wu yi@e武夷山生态文明故事@f主编祁新华, 王袁生 |
| 210 | @a福州@c福建人民出版社@d2019.11 | |
| 215 | @a179页@c彩图@d24cm | |
| 225 | 2 | @a武夷历史文化研究丛书@Awu yi li shi wen hua yan jiu cong shu |
| 330 | @a本书共分为三个部分: 先以武夷山的历史文化为主线, 追溯了武夷山的前生今世与历史积淀 ; 再以武夷山的整体形象风貌及自然生态为着笔点, 描绘了人与自然和谐共生的适然景象 ; 最后以武夷山的生态文明机制与产业发展为亮点, 突出了武夷山的生态改革和文明风范。 | |
| 410 | 0 | @12001 @a武夷历史文化研究丛书 |
| 517 | 1 | @a武夷山生态文明故事@Awu yi shan sheng tai wen ming gu shi |
| 606 | 0 | @a生态环境建设@Asheng tai huan jing jian she@x研究@y武夷山市 |
| 690 | @aX321.257.4@v5 | |
| 701 | 0 | @a祁新华@Aqi xin hua@4主编 |
| 701 | 0 | @a王袁生@Awang yuan sheng@4主编 |
| 801 | 0 | @aCN@c20200516 |
| 905 | @a河南城建学院图书馆@dX321.257.4@f1@eQ096 | |
| 秀甲东南 生态武夷:武夷山生态文明故事/主编祁新华, 王袁生.-福州:福建人民出版社,2019.11 |
| 179页:彩图;24cm.-(武夷历史文化研究丛书) |
| ISBN 978-7-211-08202-5:CNY58.00 |
| 本书共分为三个部分: 先以武夷山的历史文化为主线, 追溯了武夷山的前生今世与历史积淀 ; 再以武夷山的整体形象风貌及自然生态为着笔点, 描绘了人与自然和谐共生的适然景象 ; 最后以武夷山的生态文明机制与产业发展为亮点, 突出了武夷山的生态改革和文明风范。 |
| ● |
| 相关链接 |
|
|
|
正题名:秀甲东南 生态武夷
索取号:X321.257.4/Q096
 
预约/预借
| 序号 | 登录号 | 条形码 | 馆藏地/架位号 | 状态 | 备注 |
| 1 | 1493516 | 214935169 | 自科库501/501自科库 66排3列4层/ [索取号:X321.257.4/Q096] | 在馆 |